000
00243nam a2200097Ia 4500
001
708531
005
20250826162529.0
008
250824s9999 xx 000 0 und d
245
0
_a
SENDEN AKILLISI MI VAR
_c
MAHİR DUMAN
260
_b
HAYAT YAYINLARI
999
_c
708531
_d
708531